000 00628nam a22002057a 4500
005 20251108172810.0
008 250721s1997 xx 000 0 ara d
082 1 4 _a001.6424/قاض
100 1 _aالقاضي، زياد عبد الكريم
245 1 0 _aالمرجع في لغة كوبول /
246 1 1 _aCobol Programming
264 1 _aعمان :
_bدار المسيرة للنشر و التوزيع،
_c1997.
300 _a260ص
650 1 7 _aلغات البرمجة
650 1 7 _aكوبول
650 1 7 _aالحواسيب
700 1 _aالبشيتي، عبد الرحيم
942 _2ddc
_cBK
999 _c88762
_d88762